000 01884cam a22003491i 4500
003 SA-RiAUC
005 20241002080317.0
008 240927s1997 su g b 00110 ara c
020 _a9960617149
040 _aSA-RiAUC
_bara
_cSA-RiAUC
_erda
050 4 _bJ87 1997
082 0 4 _a415.1
_qSA-RiAUC
090 _a415.1
_bا ب ن ش
100 1 _aابن الشريف الجرجاني، محمد بن علي بن محمد،
_dتوفي 838 هجري
_eمؤلف.
245 1 2 _aالرشاد في شرح الإرشاد /
_cمحمد بن علي بن محمد بن الشريف الجرجاني ؛ تحقيق منصور بن أحمد الفواز الغامدي.
246 3 0 _aشرح الإرشاد
250 _aالطبعة الأولى.
264 1 _aمكة المكرمة :
_aالطائف، السعودية :
_bنادي مكة الثقافي الأدبي ؛
_bدار الحارثي للطباعة والنشر،
_c1997
300 _a324 صفحة ؛
_c24 سم.
336 _aنص
_btxt
_2rdacontent
_3كتاب
337 _aبدون وسيط
_bn
_2rdamedia
338 _aمجلد
_bnc
_2rdacarrier
490 0 _aمطبوعات نادي مكة الثقافي الأدبي ؛
_v99
500 _aكشافات : صفحة 299-305.
504 _aببليوجرافية : صفحة 306-315.
650 7 _aاللغة العربية
_xنحو
_2aucsh
700 1 2 _iتحقيق لـ (عمل) :
_aابن الشريف الجرجاني، محمد بن علي بن محمد،
_dتوفي 838 هجري
_tالرشاد في شرح الإرشاد
700 1 _aالغامدي، منصور بن أحمد الفواز
_eمحقق.
700 1 2 _iشرح لـ (عمل) :
_aالسعد التفتازاني، مسعود بن عمر بن عبد الله،
_d712-793 هجري.
_tإرشاد الهادي إلى سبيل الرشاد.
942 _2ddc
_cBOOK
_n0
949 _aSA-JeALM
_d240927
_umohamedma123
_n1
999 _c776
_d776